000 00289nam a22001337a 4500
008 170623b xxu||||| |||| 00| 0 eng d
020 _a9780521637626
041 _aeng
080 _a93
100 _a21
101 _aSHP
245 _aRADICAL HISTORY REVIEW
_cBORIS, E
942 _2udc
_cBK
999 _c19030
_d19030